|
|
|
|
| LEADER |
01429nam a2200313 i 4500 |
| 001 |
10021849 |
| 003 |
GR-PaULI |
| 005 |
20240517092434.0 |
| 008 |
990507s1993 gr g 1 gre d |
| 952 |
|
|
|0 0
|1 0
|2 ddc
|4 0
|6 869_342000000000000_SAR
|7 0
|9 185068
|a LISP
|b LISP
|c BSC
|d 2016-04-24
|i 042832
|l 2
|o 869.342 SAR
|p 025000055078
|r 2025-03-06 13:06:57
|s 2025-02-11
|t 1
|y BK15
|
| 999 |
|
|
|c 114027
|d 114027
|
| 020 |
|
|
|a 9602210710
|
| 040 |
|
|
|a GR-PaULI
|b gre
|c GR-PaULI
|e AACR2
|
| 041 |
1 |
|
|a gre
|h por
|
| 082 |
0 |
4 |
|2 23
|a 869.3
|
| 082 |
0 |
4 |
|2 23
|a 869.34
|
| 100 |
1 |
|
|a Saramago, Jose
|d 1922-2010
|9 6541
|e συγγραφέας
|
| 245 |
1 |
2 |
|a Η χρονιά που πέθανε ο Ρικάρντο Ρέις /
|c Ζοζέ Σαραμάγκο ; μετάφραση Άννυ Σπυράκου.
|
| 260 |
|
|
|a Αθήνα :
|b Αλεξάνδρεια,
|c 1993.
|
| 300 |
|
|
|a 502 σ. ;
|c 21 εκ.
|
| 490 |
1 |
|
|a Κύκλος ξένης πεζογραφίας / Αλεξάνδρεια
|
| 650 |
|
4 |
|a Πορτογαλική λογοτεχνία
|x Μυθιστόρημα
|9 6012
|
| 650 |
|
4 |
|a Παγκόσμια λογοτεχνία
|9 2585
|
| 700 |
1 |
|
|a Σπυράκου, Άννυ
|9 31158
|e μεταφράστρια
|
| 765 |
0 |
8 |
|i Μετάφραση του:
|t O Ano da Morte de Ricardo Reis
|
| 830 |
|
0 |
|a Κύκλος ξένης πεζογραφίας (Αλεξάνδρεια)
|9 163328
|
| 942 |
|
|
|2 ddc
|c BK15
|
| 998 |
|
|
|c ΜΑΝΙΑΚΗ
|d 1999-05
|
| 998 |
|
|
|c ΣΑΤΛΑΝΗΣ
|d 2020-08
|